Statistiques concernant Focus sur: Nivacrin - Tolkien

Cliquez ici pour prendre le quiz!

Statistiques générales

  • Ce quiz a été pris 3 fois
  • Le résultat moyen est 7 sur 10

Statistiques - réponses

Informations recherchéesRéponses% Correct
Couleur de la robeBlanc
100%
EspèceCheval
100%
Age durant lequel elle vécutTroisième
100%
Première mentionLe Seigneur des Anneaux: La Communauté de l'Anneau
67%
Groupe de l'espèceMearas
67%
ContréeRohan
67%
Autre nomSnawmana
67%
CavalierThéoden
67%
SurnomCrin-de-{Neige}
33%
PèrePiedléger
33%

Distribution des résultats

Percentile par nombre de réponses

% des personnes avec chaque résultat

Votre développement - résultats

Vous n’avez pas pris ce quiz